000 00414nam a2200145Ia 4500
008 220217s9999||||xx |||||||||||||| ||und||
020 _a9788126528035
082 _a624.1843 LIN
100 _aLin, T.Y and Burns, Ned, H
_99904
245 0 _aDesign of prestressed concrete structures
250 _a3
260 _aWiley india
_bNew Delhi
_c2015
300 _aVII, 646p.
_b659
650 _aCONCRETE TECHNOLOGY
999 _c187652
_d187652